Stink and the great Guinea Pig Express / (Record no. 825)

MARC details
000 -LEADER
fixed length control field 01236nam a22003137a 4500
005 - DATE AND TIME OF LATEST TRANSACTION
control field 20230711080552.0
020 ## - INTERNATIONAL STANDARD BOOK NUMBER
International Standard Book Number 9780763628352
040 ## - CATALOGING SOURCE
Original cataloging agency DLC
Transcribing agency DLC
Modifying agency DLC
Language of cataloging eng
050 00 - LIBRARY OF CONGRESS CALL NUMBER
Classification number PZ7.M478419
Item number Sst 2008
082 00 - DEWEY DECIMAL CLASSIFICATION NUMBER
Classification number 813.54
Edition number 22
100 1# - MAIN ENTRY--PERSONAL NAME
Personal name McDonald, Megan.
245 10 - TITLE STATEMENT
Title Stink and the great Guinea Pig Express /
Statement of responsibility, etc. Megan McDonald ; illustrated by Peter H. Reynolds.
250 ## - EDITION STATEMENT
Edition statement First paperback edition in this format 2013
260 ## - PUBLICATION, DISTRIBUTION, ETC.
Place of publication, distribution, etc. Cambridge :
Name of publisher, distributor, etc. Somerville,
Date of publication, distribution, etc. 2013.
300 ## - PHYSICAL DESCRIPTION
Extent 118 pages :
Other physical details illustrations ;
Dimensions 19 cm.
505 ## - FORMATTED CONTENTS NOTE
Formatted contents note P <br/>
520 ## - SUMMARY, ETC.
Summary, etc. Stink Moody, friends Webster and Sophie, and Mrs. Birdwistle visit tourist attractions in Virginia as they try to give away 101 guinea pigs rescued from a laboratory, although Stink is very reluctant to give away his favorite, Astro.
521 ## - TARGET AUDIENCE NOTE
Target audience note 640 <br/>
Source Lexile <br/>
521 ## - TARGET AUDIENCE NOTE
Target audience note P <br/>
Source Raz-Plus <br/>
650 #1 - SUBJECT ADDED ENTRY--TOPICAL TERM
Topical term or geographic name entry element Guinea pigs
Form subdivision Fiction.
650 #1 - SUBJECT ADDED ENTRY--TOPICAL TERM
Topical term or geographic name entry element Animal rescue
Form subdivision Fiction.
650 #1 - SUBJECT ADDED ENTRY--TOPICAL TERM
Topical term or geographic name entry element Automobile travel
Form subdivision Fiction.
650 #1 - SUBJECT ADDED ENTRY--TOPICAL TERM
Topical term or geographic name entry element Humorous stories.
700 1# - ADDED ENTRY--PERSONAL NAME
Personal name Reynolds, Peter H.
Fuller form of name (Peter Hamilton),
Dates associated with a name 1961-
Relator term illustrator.
906 ## - LOCAL DATA ELEMENT F, LDF (RLIN)
a 7
b cbc
c orignew
d 1
e ecip
f 20
g y-gencatlg
942 ## - ADDED ENTRY ELEMENTS (KOHA)
Source of classification or shelving scheme Dewey Decimal Classification
Koha item type Books
Suppress in OPAC No
999 ## -
-- 825
-- 825
Holdings
Withdrawn status Lost status Source of classification or shelving scheme Damaged status Not for loan Collection Home library Current library Shelving location Date acquired Total Checkouts Full call number Barcode Date last seen Price effective from Koha item type
    Dewey Decimal Classification     Juvenile Fiction Footprints International School Library Network Toul Kork Campus Footprints International School Library Network Toul Kork Campus TK Primary Library Room(4th Floor), Bookcase 3&4, Shelves 17-32, Yellow Books 07/11/2023   MCD 813.54 PZ73.M37165437 FISTK00389 07/11/2023 07/11/2023 Books